Countries Closest to Pakistan - 15 Second Sprint - Statistics

General Stats
  • This quiz has been taken 72 times
  • The average score is 6 of 20
Answer Stats
km country miles % Correct
0 India 0
95%
0 Iran 0
81%
0 Afghanistan 0
73%
0 China 0
64%
1184 Iraq 736
56%
550 Nepal 342
41%
1407 Bangladesh 874
31%
1410 Bhutan 876
27%
16 Tajikistan 10
17%
342 Oman 212
15%
703 Saudi Arabia 437
15%
439 Turkmenistan 273
15%
530 Kazakhstan 329
14%
1208 Kuwait 751
10%
527 United Arab Emirates 328
10%
330 Uzbekistan 205
10%
262 Kyrgyzstan 163
8%
1206 Yemen 750
8%
1088 Bahrain 676
5%
1005 Qatar 624
5%
No matching quizzes found
Score Distribution
Percent of People with Each Score
Percentile by Number Answered
Your Score History
You have not taken this quiz